LEADER 00853nam 2200289 450 001 996682474903316 005 20251104102103.0 010 $a978-1-119-58749-1 100 $a20251030d2017----km y0itay5003 ba 101 0 $aeng 102 $aUS 105 $aaaa 001yy 200 1 $aProcess dynamics and control$fDale E. Seborg ... [et al.] 205 $a4. ed. 210 $aHoboken, NJ$cWiley$d2017 215 $aIX, 502 p.$cill.$d28 cm 606 0 $aProcessi chimici$xControllo$xElaborazione elettronica$2BNCF 676 $a660.2815 702 1$aSEBORG,$bDale E. 801 0$aIT$bcba$gREICAT 912 $a996682474903316 951 $a660.281 PRO 1$b24784 Ing.$c660.281$d00338375 951 $a660.281 PRO 1 a$b24785 Ing.$c660.281$d00338376 959 $aBK 969 $aTEC 996 $aProcess dynamics and control$9850797 997 $aUNISA